000 00393nam a2200145Ia 4500
008 231129s2018||||xx |||||||||||||| ||spa||
020 _a978-958-5436-47-3
040 _bspa
082 _a(i) 925 G158P
100 _aPla Albert
245 0 _aYo... Galileo Galilei
260 _c2018
264 _aBogotá Colombia : Cí­rculo Cultural
942 _2ddc
_cBKS
999 _c26526
_d26526